000 00506nam a2200205Ia 4500
003 OSt
005 20221007112343.0
006 a|||||r|||| 00| 0
007 ta
008 221006b |||||||| |||| 00| 0 eng d
024 _a26,809
037 _cBound Volume
040 _aLCO
_cLCO
_beng
041 _2eng
_aeng
245 0 _aSUPREME LAWS TODAY
260 _aDelhi
_bD.L.T Puublications. India
_c1998
490 _v1 -2009
942 _cCR
999 _c1196372
_d1196372